Об оптимальном управлении системами с многофазной широтно-импульсной модуляцией; Известия Томского политехнического института [Известия ТПИ]; Т. 243 : Автоматизация промышленных установок и управления производством
| Parent link: | Известия Томского политехнического института [Известия ТПИ]/ Томский политехнический институт (ТПИ).— , 1944-1976 Т. 243 : Автоматизация промышленных установок и управления производством.— 1972.— [С. 77-81] |
|---|---|
| Hovedforfatter: | |
| Andre forfattere: | |
| Summary: | Заглавие с титульного листа Электронная версия печатной публикации |
| Sprog: | russisk |
| Udgivet: |
1972
|
| Fag: | |
| Online adgang: | Черно-белая версия для предварительного просмотра Цветная версия без потери качества |
| Format: | MixedMaterials Electronisk Book Chapter |
| KOHA link: | https://koha.lib.tpu.ru/cgi-bin/koha/opac-detail.pl?biblionumber=228676 |
MARC
| LEADER | 00000nla2a2200000 4500 | ||
|---|---|---|---|
| 001 | 228676 | ||
| 005 | 20231101230907.0 | ||
| 035 | |a (RuTPU)RU\TPU\book\249157 | ||
| 035 | |a RU\TPU\book\249155 | ||
| 090 | |a 228676 | ||
| 100 | |a 20121220d1972 k y0rusy50 ca | ||
| 101 | 0 | |a rus | |
| 102 | |a RU | ||
| 135 | |a drnn ---uucaa | ||
| 181 | 0 | |a i | |
| 182 | 0 | |a b | |
| 200 | 1 | |a Об оптимальном управлении системами с многофазной широтно-импульсной модуляцией |b Электронный ресурс |f В. А. Бейнарович, А. И. Сапожников | |
| 203 | |a Текст |c электронный | ||
| 215 | |a 2 файла (240 Кб, 7.3 Мб) | ||
| 230 | |a Электронные текстовые данные (2 файла : 240 Кб, 7.3 Мб) | ||
| 300 | |a Заглавие с титульного листа | ||
| 300 | |a Электронная версия печатной публикации | ||
| 337 | |a Adobe Reader | ||
| 461 | 1 | |0 (RuTPU)RU\TPU\book\200995 |t Известия Томского политехнического института [Известия ТПИ] |f Томский политехнический институт (ТПИ) |d 1944-1976 | |
| 463 | 1 | |0 (RuTPU)RU\TPU\book\249144 |t Т. 243 : Автоматизация промышленных установок и управления производством |v [С. 77-81] |d 1972 |p 201 с. | |
| 610 | 1 | |a электронный ресурс | |
| 610 | 1 | |a труды учёных ТПУ | |
| 700 | 1 | |a Бейнарович |b В. А. |c российский ученый |c профессор Томского политехнического университета |f 1932- |g Владислав Александрович |2 stltpush |3 (RuTPU)RU\TPU\pers\21946 |9 9267 | |
| 701 | 1 | |a Сапожников |b А. И. |c российский ученый, специалист в области электроприводов |c доцент Томского политехнического университета, кандидат технических наук |f 1937- |g Алексей Иванович |2 stltpush |3 (RuTPU)RU\TPU\pers\26463 | |
| 801 | 1 | |a RU |b 63413507 |c 20090320 |g PSBO | |
| 801 | 2 | |a RU |b 63413507 |c 20130401 |g PSBO | |
| 856 | 4 | |u http://www.lib.tpu.ru/fulltext/v/Bulletin_TPU/1972/v243/10_bw.pdf |z Черно-белая версия для предварительного просмотра | |
| 856 | 4 | |u http://www.lib.tpu.ru/fulltext/v/Bulletin_TPU/1972/v243/10_full.pdf |z Цветная версия без потери качества | |
| 942 | |c CF | ||